The urban land act, 1976 (Record no. 414899)

000 -LEADER
fixed length control field 00345cam a22001217a 4500
008 - FIXED-LENGTH DATA ELEMENTS--GENERAL INFORMATION
fixed length control field 180718b1976 xxu||||| |||| 00| 0 eng d
082 ## - DEWEY DECIMAL CLASSIFICATION NUMBER
Classification number Y 1503 x54 In2 1976
245 ## - TITLE STATEMENT
Title The urban land act, 1976
Statement of responsibility, etc. By Govt. of India
260 ## - PUBLICATION, DISTRIBUTION, ETC.
Place of publication, distribution, etc. New Delhi
Name of publisher, distributor, etc. Govt. of India
Date of publication, distribution, etc. 1976
300 ## - PHYSICAL DESCRIPTION
Extent 45p.
650 ## - SUBJECT ADDED ENTRY--TOPICAL TERM
Topical term or geographic name entry element Housing -- India
650 ## - SUBJECT ADDED ENTRY--TOPICAL TERM
Topical term or geographic name entry element Urbanization -- India
Holdings
Withdrawn status Lost status Damaged status Not for loan Permanent Location Current Location Date acquired Full call number Barcode Date last seen Price effective from Koha item type
        Indian Institute of Public Administration Indian Institute of Public Administration 2009-02-27 Y 1503 x54 In2 1976 D2169 2018-07-21 2018-07-21 D

Powered by Koha